Liverpool FC Players - Sudden Death - Statistics

General Stats
  • This quiz has been taken 5,133 times
  • The average score is 10 of 20
Answers on the Grid
Answers color-coded by a green-red scale on the quiz's grid according to % correct below.
Alan Hansen
Alisson
Andrew Robertson
Andy Cole
Bobby Charlton
Bruce Grobbelaar
Craig Dawson
David Beckham
David James
Denis Law
Dirk Kuyt
Gareth Barry
Gary Lineker
Gary Speed
George Best
Henrikh Mkhitaryan
Ian Rush
Jamie Carragher
John Barnes
John Heitinga
Jordan Pickford
Kenny Dalglish
Kevin Keegan
Kyle Walker
Leighton Baines
Leon Osman
Loic Remy
Mark Lawrenson
Mark van Bommel
Martin Škrtel
Michael Laudrup
Mohamed Salah
Neville Southall
Pepe Reina
Peter Shilton
Phil Neville
Phillip Cocu
Robbie Fowler
Ryan Giggs
Sadio Mané
Sami Hyypiä
Scott Sinclair
Steven Gerrard
Teddy Sheringham
Tim Howard
Virgil van Dijk
Wayne Rooney
Wes Brown
 
Answer Stats
Answer % Correct
Alisson
93%
Andrew Robertson
87%
Dirk Kuyt
64%
Jamie Carragher
60%
Ian Rush
58%
Mohamed Salah
58%
Virgil van Dijk
58%
Sadio Mané
57%
Steven Gerrard
57%
Kenny Dalglish
54%
Martin Škrtel
49%
Pepe Reina
49%
Robbie Fowler
45%
John Barnes
42%
Sami Hyypiä
41%
Alan Hansen
38%
Kevin Keegan
35%
David James
34%
Bruce Grobbelaar
33%
Mark Lawrenson
18%
No matching quizzes found
Score Distribution
Percent of People with Each Score
Percentile by Number Answered
Your Score History
You have not taken this quiz